000 00692nam a2200193 u 4500
001 000821615
003 AM-YeHGA
005 20250617144557.0
008 110707s1973 ||| r 000 0 rus d
040 _aAM-YeHGA
041 1 _arus
_hhun
245 0 0 _aСовременная венгерская поэзия :
_bПеревод с венгерского /
_cСост. М. Саболчи, Олег Россиянов.
260 _aМосква :
_bПрогресс,
_c1973.
300 _a588 с.
440 0 _aБ-ка венгерской литературы
653 0 _aВенгерская поэзия
700 1 _aСаболчи, Миклош
_eсост.
_4com
090 _c298457
999 _c296765
_d296765